000 00342 a2200097 4500
020 _a9789352823321
100 _aV Mandusoodanan Nair, ed.
245 _aOruvattamkoodi ente paadapusthakangal (3 volume set)(ഒരു വട്ടം കൂടി എൻെറ പാഠപുസ്തകങ്ങൾ)
260 _bD C books
_c2024
942 _cOO
999 _c115320
_d115319